| 000 | 00489nam a2200169Ia 4500 | ||
|---|---|---|---|
| 008 | 190805s9999||||xx |||||||||||||| ||und|| | ||
| 020 |
_a9788174090312 _cRs. 699.00 |
||
| 082 | 0 | 4 |
_a621.402 _bB2109 |
| 100 | 1 | _aBallaney, P. L. | |
| 245 | 1 | 0 |
_aThermal Engineering / _cP. L. Ballaney |
| 250 | _a25th ed. | ||
| 260 |
_aDelhi : _bKhanna Publishers, _c2015 |
||
| 300 |
_axxiv, 1506 p. _b : ill. _c; 23.5 cm. |
||
| 650 | 0 |
_aHeat engineering _vTextbooks |
|
| 942 | _cBK | ||
| 999 |
_c310 _d310 |
||